[Event "FIDE World Cup Women 2023"]
[Site "Baku AZE"]
[Date "2023.08.03"]
[Round "2.2"]
[White "Gong, Qianyun"]
[Black "Assaubayeva, Bibisara"]
[Result "1/2-1/2"]
[WhiteTitle "WGM"]
[BlackTitle "IM"]
[WhiteElo "2223"]
[BlackElo "2469"]
[WhiteFideId "8602425"]
[BlackFideId "13708694"]
[EventDate "2023.07.30"]
[EventType "k.o."]

1. e4 e5 2. Nf3 Nc6 3. Bc4 Nf6 4. d3 d5 5. exd5 Nxd5 6. O-O Be7 7. Re1 f6 8. d4
Nb6 9. Bb3 Nxd4 10. Nxd4 Qxd4 11. Qxd4 exd4 12. Bf4 Bf5 13. Nd2 Kd7 14. Bxc7 Bc5
15. Bxb6 axb6 16. Nf3 Kc7 17. h3 Rhe8 18. Rad1 Rxe1+ 19. Nxe1 b5 20. Nd3 Bxd3
21. Rxd3 Re8 22. Kf1 Re5 23. Rd1 h6 24. Re1 Kd6 25. Rxe5 Kxe5 26. Ke2 Ke4 27.
Bf7 b4 28. Bc4 b6 29. Bd3+ Ke5 30. Bc4 Ke4 1/2-1/2

[Event "FIDE World Cup Women 2023"]
[Site "Baku AZE"]
[Date "2023.08.03"]
[Round "2.2"]
[White "Zhao, Xue"]
[Black "Yip, Carissa"]
[Result "0-1"]
[WhiteTitle "GM"]
[BlackTitle "IM"]
[WhiteElo "2457"]
[BlackElo "2369"]
[WhiteFideId "8601283"]
[BlackFideId "2090732"]
[EventDate "2023.07.30"]
[EventType "k.o."]

1. e4 e5 2. Nf3 Nc6 3. Bb5 a6 4. Ba4 Nf6 5. O-O d6 6. c3 Bd7 7. Re1 g6 8. d4 Bg7
9. d5 Ne7 10. c4 b5 11. Bb3 c5 12. dxc6 Bxc6 13. Nc3 O-O 14. Bg5 Qb8 15. Nd2 h6
16. Bh4 Kh8 17. Nf1 bxc4 18. Bxc4 g5 19. Bg3 Qxb2 20. Qd3 Rad8 21. Rab1 Qa3 22.
Bxa6 Nd7 23. Bb5 Bxb5 24. Rxb5 d5 25. exd5 f5 26. d6 Nc8 27. Rb3 Qa8 28. f3 Nc5
29. Qc2 Nxb3 30. axb3 Qa5 31. Re2 Nxd6 32. Na4 e4 33. Bxd6 Rxd6 34. fxe4 fxe4
35. Ng3 Qa7+ 36. Kh1 Qd4 37. Re1 e3 38. h3 Qf4 39. Nh5 Qf2 40. Qxf2 exf2 41. Rf1
Bd4 42. g4 Rf3 43. Kg2 Rxb3 44. Ng3 Ra6 0-1

[Event "FIDE World Cup Women 2023"]
[Site "Baku AZE"]
[Date "2023.08.03"]
[Round "2.2"]
[White "Cori T., Deysi"]
[Black "Arabidze, Meri"]
[Result "1-0"]
[WhiteTitle "IM"]
[BlackTitle "IM"]
[WhiteElo "2369"]
[BlackElo "2451"]
[WhiteFideId "3801934"]
[BlackFideId "13604040"]
[EventDate "2023.07.30"]
[EventType "k.o."]

1. Nf3 Nf6 2. g3 d5 3. Bg2 e6 4. O-O Be7 5. d3 O-O 6. Nbd2 c5 7. e4 Nc6 8. Re1
b5 9. e5 Ne8 10. h4 Nc7 11. Nf1 f5 12. exf6 Bxf6 13. Ne3 Qd6 14. Nh2 Bd7 15.
Neg4 e5 16. f4 Rae8 17. fxe5 Nxe5 18. Nxf6+ Qxf6 19. Bf4 d4 20. Qd2 Na6 21. h5
h6 22. a3 c4 23. Qf2 Qb6 24. Nf3 Nxf3+ 25. Qxf3 Nc5 26. Qd5+ Be6 27. Qxd4 cxd3
28. Bd6 Rf5 29. b4 Na4 30. Qxb6 Nxb6 31. cxd3 Bf7 32. g4 Rg5 33. Rxe8+ Bxe8 34.
Re1 Bd7 35. Kf2 Bxg4 36. Re7 Bxh5 37. Rxa7 Bf7 38. Be4 Bd5 39. Bf4 Rg4 40. Kf3
h5 41. Ra5 g5 42. Bc1 Kf7 43. Rxb5 Bxe4+ 44. dxe4 Nc4 45. Rc5 Nd6 46. Rxg5 Rh4
47. Bf4 Nc4 48. e5 Nxa3 49. Ke4 Nc2 50. b5 Rh1 51. Rf5+ Ke8 52. Rf6 Rb1 53. b6
h4 54. Kd5 Nb4+ 55. Ke6 Nd3 56. Be3 Rb5 57. Rh6 Rxe5+ 58. Kd6 Rb5 59. Rh8+ Kf7
60. b7 Ne5 61. Kc7 Ng4 62. Bb6 Nf6 63. b8=Q Nd5+ 64. Kc6 1-0

[Event "FIDE World Cup Women 2023"]
[Site "Baku AZE"]
[Date "2023.08.03"]
[Round "2.2"]
[White "Mammadzada, Gunay"]
[Black "Bivol, Alina"]
[Result "1/2-1/2"]
[WhiteTitle "IM"]
[BlackTitle "IM"]
[WhiteElo "2448"]
[BlackElo "2371"]
[WhiteFideId "13403729"]
[BlackFideId "4100123"]
[EventDate "2023.07.30"]
[EventType "k.o."]

1. Nf3 d5 2. d4 Nf6 3. c4 e6 4. g3 dxc4 5. Bg2 a6 6. O-O b5 7. Ne5 Nd5 8. a4 Bb7
9. e4 Nf6 10. axb5 axb5 11. Rxa8 Bxa8 12. Nc3 Be7 13. Nxb5 O-O 14. Qe2 Bb7 15.
Rd1 Nbd7 16. Bf4 c6 17. Nc3 Nxe5 18. Bxe5 Qb6 19. Na4 Qb4 20. Nc5 Rd8 21. Nxb7
Qxb7 22. Rc1 Nd7 23. Bf4 Nb6 24. Be3 Qc7 25. Qh5 g6 26. Qa5 Ra8 27. Qc3 Bf8 28.
h4 h5 29. Qc2 Rd8 30. Rd1 Kh7 31. Qe2 c5 32. d5 exd5 33. exd5 Qe5 34. Qf3 Kg8
35. Bd2 Rxd5 36. Re1 Qd6 37. Bf4 Qd7 38. Qa3 Rd1 39. Rxd1 Qxd1+ 40. Kh2 Qd4 41.
Be3 Qd6 42. Qa6 Nd7 43. Qxd6 Bxd6 44. f4 Be7 45. Bc6 Nf6 46. Kg2 Ng4 47. Kf3
Nxe3 48. Kxe3 Bf6 49. Bd5 Bxb2 50. Bxc4 Kg7 1/2-1/2

[Event "FIDE World Cup Women 2023"]
[Site "Baku AZE"]
[Date "2023.08.03"]
[Round "2.2"]
[White "Ouellet, Maili-Jade"]
[Black "Krush, Irina"]
[Result "1-0"]
[WhiteTitle "WGM"]
[BlackTitle "GM"]
[WhiteElo "2201"]
[BlackElo "2447"]
[WhiteFideId "2620472"]
[BlackFideId "2012782"]
[EventDate "2023.07.30"]
[EventType "k.o."]

1. d4 d5 2. c4 e6 3. Nc3 Be7 4. Nf3 Nf6 5. Bf4 O-O 6. e3 Nbd7 7. c5 c6 8. Bd3 b6
9. b4 a5 10. a3 Bb7 11. O-O Qc8 12. Qe2 Ba6 13. Rfc1 Bxd3 14. Qxd3 Qb7 15. h3
axb4 16. axb4 Rxa1 17. Rxa1 Ra8 18. Qd1 Rxa1 19. Qxa1 Bd8 20. Qa4 b5 21. Qa2 h6
22. Nd2 Ne8 23. Nb3 Ndf6 24. Ne2 Nc7 25. Qa5 Nd7 26. Nec1 Qc8 27. Nd3 Na6 28.
Qa2 Qb7 29. Qa3 Qc8 30. Ndc1 Nc7 31. Kf1 Qa6 32. Qa5 Qb7 33. Ne2 Kf8 34. Ke1 Ke8
35. Kd2 Na6 36. Qa3 Nc7 37. Nec1 Qa6 38. Na5 Kf8 39. Kc3 Ne8 40. Ncb3 Qc8 41.
Qc1 Qa8 42. Qb1 Kg8 43. f3 Nef6 44. Qe1 Qc8 45. g4 Ne8 46. Qg3 g5 47. Bd6 Nef6
48. Qh2 Ne8 49. Bg3 Nf8 50. h4 Ng6 51. hxg5 hxg5 52. Qh6 Bf6 53. Kc2 Qd7 54. Nc1
Bd8 55. Nd3 Be7 56. Kb3 Bd8 57. Be5 Be7 58. Kc3 Bd8 59. f4 gxf4 60. exf4 Be7 61.
Kb3 Bf8 62. Qh5 Ng7 63. Qh3 Ne7 64. g5 Ng6 65. Nf2 Nf5 66. Ng4 Be7 67. Bf6 Bf8
68. Ne5 Qa7 69. Nexc6 Qc7 70. Ne5 Nxd4+ 71. Kb2 Nf5 72. Nac6 Bg7 73. Bxg7 Kxg7
74. Nxg6 fxg6 75. Qc3+ Kh7 76. Ne5 Qa7 77. Ng4 d4 78. Nf6+ Kg7 79. Qh3 Qf7 80.
Qh7+ Kf8 81. Qh8+ Ke7 82. Qc8 d3 83. Ng8+ 1-0

[Event "FIDE World Cup Women 2023"]
[Site "Baku AZE"]
[Date "2023.08.03"]
[Round "2.2"]
[White "Osmak, Yuliia"]
[Black "Tsolakidou, Stavroula"]
[Result "1-0"]
[WhiteTitle "IM"]
[BlackTitle "IM"]
[WhiteElo "2444"]
[BlackElo "2373"]
[WhiteFideId "14101602"]
[BlackFideId "4264312"]
[EventDate "2023.07.30"]
[EventType "k.o."]

1. d4 d5 2. c4 e6 3. Nf3 Nf6 4. Nc3 c5 5. cxd5 exd5 6. Bg5 Be6 7. Bxf6 Qxf6 8.
e4 dxe4 9. Nxe4 Qf4 10. Bb5+ Nc6 11. Qe2 Be7 12. O-O O-O 13. Nxc5 Bxc5 14. dxc5
Rfd8 15. a3 Bd5 16. Qe3 Qg4 17. h3 Qg6 18. Rad1 a5 19. Rfe1 h6 20. Bf1 a4 21.
Ne5 Nxe5 22. Qxe5 Qc6 23. Re3 Ra5 24. Qe7 Rc8 25. Bd3 Qxc5 26. Bf5 Qxe7 27. Rxe7
Rf8 28. Re5 Bb3 29. Rxa5 Bxd1 30. Bd7 b6 31. Ra7 Rd8 32. Bxa4 Bxa4 33. Rxa4 Rd1+
34. Kh2 Rd2 35. Rb4 Rd6 36. Kg3 Kf8 37. Kf3 Ke7 38. Ke3 Rc6 39. Kd3 g5 40. Rc4
Rf6 41. f3 Rd6+ 42. Kc3 Rd1 43. Rc7+ Ke8 44. Rb7 Rd6 45. b4 f5 46. Kc4 f4 47. a4
Kd8 48. Kb5 Rd2 49. Rxb6 Rxg2 50. a5 1-0

[Event "FIDE World Cup Women 2023"]
[Site "Baku AZE"]
[Date "2023.08.03"]
[Round "2.2"]
[White "Munguntuul, Batkhuyag"]
[Black "Javakhishvili, Lela"]
[Result "1/2-1/2"]
[WhiteTitle "IM"]
[BlackTitle "IM"]
[WhiteElo "2374"]
[BlackElo "2439"]
[WhiteFideId "4900758"]
[BlackFideId "13601458"]
[EventDate "2023.07.30"]
[EventType "k.o."]

1. e4 e5 2. Nf3 Nc6 3. Bb5 Nf6 4. d3 Bc5 5. Nbd2 O-O 6. O-O Re8 7. c3 a6 8. Bxc6
dxc6 9. Nc4 Bd6 10. h3 b5 11. Na5 c5 12. a3 c6 13. b4 cxb4 14. axb4 Qc7 15. Bg5
Nd7 16. Be3 c5 17. Qb3 Bb7 18. Ng5 Re7 19. f4 exf4 20. Nxb7 Qxb7 21. Bxf4 Bxf4
22. Rxf4 Ne5 23. bxc5 Nxd3 24. Rf5 g6 25. Rd5 Nxc5 26. Qb4 Ne6 27. Nxe6 Rxe6 28.
Rad1 Rae8 29. R1d4 Qe7 30. Rd6 Rxd6 31. Qxd6 Qxd6 32. Rxd6 1/2-1/2

[Event "FIDE World Cup Women 2023"]
[Site "Baku AZE"]
[Date "2023.08.03"]
[Round "2.2"]
[White "Ushenina, Anna"]
[Black "Melia, Salome"]
[Result "1-0"]
[WhiteTitle "GM"]
[BlackTitle "IM"]
[WhiteElo "2434"]
[BlackElo "2377"]
[WhiteFideId "14110911"]
[BlackFideId "13602446"]
[EventDate "2023.07.30"]
[EventType "k.o."]

1. d4 d5 2. c4 e6 3. Nf3 Nf6 4. cxd5 exd5 5. Qc2 c6 6. Nc3 h6 7. Bf4 Bd6 8. Bxd6
Qxd6 9. e3 O-O 10. Bd3 Re8 11. h3 b6 12. O-O Ba6 13. Bxa6 Nxa6 14. Qa4 Nc7 15.
Rac1 Ne6 16. Rfd1 a5 17. Qb3 Nd7 18. Rd2 Ng5 19. Nxg5 hxg5 20. Qd1 Qg6 21. Rdc2
Re6 22. Ne2 Rc8 23. Rc3 Nf6 24. Qc2 Qxc2 25. R1xc2 Ne4 26. Rb3 c5 27. f3 Nf6 28.
dxc5 Rxc5 29. Rd2 g6 30. Kf2 b5 31. Nd4 Rb6 32. Rbd3 b4 33. Nb3 Rc7 34. Nxa5 Ra6
35. Nb3 Rxa2 36. Nd4 Rc1 37. Ne2 Rc4 38. b3 Rxd2 39. Rxd2 Rc5 40. Rd4 Rb5 41.
Nc1 Rc5 42. Ne2 Rb5 43. Rd2 Nd7 44. Nd4 Rc5 45. Nc2 Rb5 46. Ke2 Ne5 47. Nd4 Rc5
48. Rc2 Rxc2+ 49. Nxc2 Nc6 50. Kd3 Kg7 51. e4 dxe4+ 52. Kxe4 Kf6 53. Kd5 Ne7+
54. Kc5 Ke5 55. Nxb4 Nf5 56. Nc6+ Kf4 57. b4 Ng7 58. b5 Ne6+ 59. Kd6 1-0

[Event "FIDE World Cup Women 2023"]
[Site "Baku AZE"]
[Date "2023.08.03"]
[Round "2.2"]
[White "Guichard, Pauline"]
[Black "Vaishali, Rameshbabu"]
[Result "1/2-1/2"]
[WhiteTitle "IM"]
[BlackTitle "IM"]
[WhiteElo "2384"]
[BlackElo "2431"]
[WhiteFideId "639370"]
[BlackFideId "5091756"]
[EventDate "2023.07.30"]
[EventType "k.o."]

1. d4 Nf6 2. c4 g6 3. Nc3 d5 4. Nf3 Bg7 5. Bg5 Ne4 6. Bf4 O-O 7. e3 c5 8. cxd5
Bf5 9. Bd3 Nxc3 10. bxc3 Qxd5 11. O-O Nc6 12. Bg3 Na5 13. Bxf5 Qxf5 14. Qa4 b6
15. Rfe1 Qe4 16. h4 Rac8 17. Qd7 Qb7 18. Qg4 h5 19. Qf4 Nc4 20. e4 cxd4 21. cxd4
e5 22. Nxe5 Nxe5 23. dxe5 Rfe8 24. Qg5 Kh7 25. Rad1 Rc5 26. Qd2 Bxe5 27. Qd7 Re7
28. Qa4 Bxg3 29. fxg3 Qc7 30. Kh2 Rc3 31. e5 Qc4 32. Qxc4 Rxc4 33. Rd2 Rc6 34.
Rd5 Kg7 35. Re4 Rc5 36. Rxc5 bxc5 37. g4 hxg4 38. Kg3 c4 39. Rxc4 Rxe5 40. Ra4
a5 1/2-1/2

[Event "FIDE World Cup Women 2023"]
[Site "Baku AZE"]
[Date "2023.08.03"]
[Round "2.2"]
[White "Roebers, Eline"]
[Black "Mona, Khaled"]
[Result "1-0"]
[WhiteTitle "IM"]
[BlackTitle "WGM"]
[WhiteElo "2419"]
[BlackElo "2106"]
[WhiteFideId "1058401"]
[BlackFideId "10605908"]
[EventDate "2023.07.30"]
[EventType "k.o."]

1. e4 e5 2. Nf3 d6 3. d4 exd4 4. Nxd4 Nf6 5. Nc3 Be7 6. g3 O-O 7. Bg2 c6 8. O-O
Qc7 9. Re1 b5 10. a3 Bb7 11. Nf5 Rd8 12. Bf4 Bf8 13. Qd2 g6 14. Bg5 Nbd7 15.
Nh6+ Kg7 16. Qf4 Be7 17. Qh4 Re8 18. Re3 Qd8 19. Rf3 Rf8 20. e5 dxe5 21. Rd1 Nd5
22. Nxf7 Qe8 23. Bxe7 Rxf7 24. Rxf7+ Qxf7 25. Ne4 h6 26. Rxd5 cxd5 27. Nd6 Qe6
28. Bh3 g5 29. Qh5 Qg6 30. Qe2 Rf8 31. Bxf8+ Kxf8 32. Nxb7 1-0

[Event "FIDE World Cup Women 2023"]
[Site "Baku AZE"]
[Date "2023.08.03"]
[Round "2.2"]
[White "Narva, Mai"]
[Black "Bulmaga, Irina"]
[Result "0-1"]
[WhiteTitle "IM"]
[BlackTitle "IM"]
[WhiteElo "2387"]
[BlackElo "2416"]
[WhiteFideId "4500512"]
[BlackFideId "13903063"]
[EventDate "2023.07.30"]
[EventType "k.o."]

1. e4 e5 2. Nf3 Nc6 3. Bb5 a6 4. Ba4 f5 5. d3 fxe4 6. dxe4 Nf6 7. O-O d6 8. Re1
Be7 9. c3 Bg4 10. Nbd2 Nd7 11. h3 Bh5 12. Nf1 Nc5 13. Ng3 Bg6 14. Bc2 Bf6 15.
Be3 Ne6 16. Bb3 Qd7 17. Bd5 Bf7 18. Nf5 Rb8 19. a4 Ne7 20. Nxe7 Bxe7 21. b4 O-O
22. Bc4 Qc8 23. Qd3 Kh8 24. b5 a5 25. Qd2 Bg6 26. Nh2 Nf4 27. Bd3 Qe6 28. Rad1
Rbd8 29. Nf1 Bh5 30. Rb1 d5 31. Bxf4 Rxf4 32. Qe3 dxe4 33. Bxe4 b6 34. Bc2 Qf7
35. Bb3 Qg6 36. Qxe5 Rxf2 37. Qe4 Bc5 38. Kh2 Bd6+ 39. Kg1 Rxf1+ 40. Kxf1 Rf8+
41. Kg1 Qg3 0-1

[Event "FIDE World Cup Women 2023"]
[Site "Baku AZE"]
[Date "2023.08.03"]
[Round "2.2"]
[White "Injac, Teodora"]
[Black "Milliet, Sophie"]
[Result "1-0"]
[WhiteTitle "IM"]
[BlackTitle "IM"]
[WhiteElo "2415"]
[BlackElo "2388"]
[WhiteFideId "932400"]
[BlackFideId "623725"]
[EventDate "2023.07.30"]
[EventType "k.o."]

1. d4 Nf6 2. Nf3 d5 3. Bf4 c5 4. e3 Nc6 5. Nbd2 Nh5 6. dxc5 Nxf4 7. exf4 g6 8.
c3 Bh6 9. Qa4 Qc7 10. g3 O-O 11. Bb5 Bh3 12. Bxc6 bxc6 13. O-O-O Rab8 14. Nd4
Qb7 15. b4 Rfc8 16. N2b3 e5 17. Na5 Qd7 18. Ndxc6 exf4 19. Kb2 Re8 20. Qc2 Rbc8
21. Nd4 Bg7 22. Qd2 Re4 23. f3 Re3 24. Rhe1 Qa4 25. gxf4 Rxe1 26. Rxe1 Bf6 27.
c6 Rb8 28. Nab3 Qa6 29. f5 Qb6 30. fxg6 hxg6 31. Qf4 Bxd4 32. Nxd4 a5 33. Re7
Rf8 34. a3 axb4 35. axb4 Qa6 36. Qe5 Qf1 37. Qe2 Qg1 38. Re8 Rxe8 39. Qxe8+ Kg7
40. Qe5+ Kh7 41. c7 Qd1 42. Qe8 Qd2+ 43. Nc2 d4 44. Qxf7+ Kh6 45. Qf8+ Kh7 46.
Qe7+ Kh6 47. Qh4+ Kg7 48. Qxd4+ 1-0

[Event "FIDE World Cup Women 2023"]
[Site "Baku AZE"]
[Date "2023.08.03"]
[Round "2.2"]
[White "Kiolbasa, Oliwia"]
[Black "Salimova, Nurgyul"]
[Result "1/2-1/2"]
[WhiteTitle "IM"]
[BlackTitle "IM"]
[WhiteElo "2394"]
[BlackElo "2409"]
[WhiteFideId "1154613"]
[BlackFideId "2915138"]
[EventDate "2023.07.30"]
[EventType "k.o."]

1. e4 e5 2. Nf3 Nf6 3. Nxe5 d6 4. Nf3 Nxe4 5. Nc3 Nxc3 6. dxc3 Be7 7. Be3 O-O 8.
Qd2 Nd7 9. O-O-O Nf6 10. Bd3 Re8 11. Rhg1 c5 12. c4 a6 13. g4 Bxg4 14. Rg3 Bxf3
15. Rxf3 g6 16. Bh6 Ng4 17. Rg1 Nxh6 18. Qxh6 Bf8 19. Qf4 Qd7 20. h4 Re5 21. a3
Rae8 22. Kb1 Bg7 23. Ka2 b5 24. Rd1 b4 25. Bf1 Rb8 26. Rfd3 Qa4 27. Rb3 Rd8 28.
Kb1 bxa3 29. Rxa3 Qb4 30. Rb3 Qa5 31. Rb7 Rf8 32. c3 Qa4 33. Qd2 Qc6 34. Rb3
Qe4+ 35. Ka2 Qxh4 36. Qxd6 Qxf2 37. Bh3 Qh4 38. Bf1 Qf2 39. Bd3 Re6 40. Qd7 Qg3
41. Bc2 h5 42. Rb7 Qf2 43. Rd2 Qf4 44. Rg2 Qe5 45. Rf2 Rf6 46. Rxf6 Qxf6 47. Be4
h4 48. Bd5 Qf2 49. Ka3 Be5 50. Rb6 Kg7 51. Be4 Bf6 52. Rb7 Qf1 53. Qg4 Kh6 54.
Rxf7 Qa1+ 55. Kb3 Rb8+ 56. Bb7 Bg5 57. Qd7 Rxb7+ 58. Qxb7 Qd1+ 59. Ka3 Qa1+ 60.
Kb3 Qd1+ 1/2-1/2

[Event "FIDE World Cup Women 2023"]
[Site "Baku AZE"]
[Date "2023.08.03"]
[Round "2.2"]
[White "Garifullina, Leya"]
[Black "Badelka, Olga"]
[Result "1/2-1/2"]
[WhiteTitle "IM"]
[BlackTitle "IM"]
[WhiteElo "2408"]
[BlackElo "2397"]
[WhiteFideId "34127035"]
[BlackFideId "13509926"]
[EventDate "2023.07.30"]
[EventType "k.o."]

1. e4 e5 2. Nf3 Nc6 3. Bb5 a6 4. Ba4 Nf6 5. O-O Be7 6. Re1 b5 7. Bb3 d6 8. c3
O-O 9. h3 Nb8 10. d4 Nbd7 11. Nbd2 Bb7 12. Bc2 Re8 13. Nf1 Bf8 14. Ng3 g6 15. a4
Nb6 16. a5 Nbd7 17. Bd2 Bg7 18. Qc1 c5 19. Bh6 Bxh6 20. Qxh6 Qe7 21. d5 c4 22.
Nh2 Qf8 23. Qd2 Nc5 24. Re3 Bc8 25. Rf1 Qh6 26. Qe2 Ra7 27. Qf3 Qg5 28. Ne2 Nh5
29. Kh1 Rae7 30. Rg1 Nf4 31. h4 Qh6 32. g3 Nxe2 33. Rxe2 Qg7 34. Ng4 Bxg4 35.
Qxg4 f6 36. Kg2 Rf8 37. h5 gxh5 38. Qxh5 Qg5 39. Qh3 Rg7 40. Rh1 Qg4 41. Qxg4
Rxg4 42. Kf3 Rg7 43. Rh6 Rg6 44. Rh4 Kg7 45. Re1 Rh6 46. Rxh6 Kxh6 47. Ke3 Rb8
48. Rh1+ 1/2-1/2

[Event "FIDE World Cup Women 2023"]
[Site "Baku AZE"]
[Date "2023.08.03"]
[Round "2.2"]
[White "Divya, Deshmukh"]
[Black "Hoang, Thanh Trang"]
[Result "1-0"]
[WhiteTitle "WGM"]
[BlackTitle "GM"]
[WhiteElo "2400"]
[BlackElo "2402"]
[WhiteFideId "35006916"]
[BlackFideId "12400149"]
[EventDate "2023.07.30"]
[EventType "k.o."]

1. d4 e6 2. c4 f5 3. Nf3 Nf6 4. g3 c6 5. Nc3 d5 6. Bf4 Bd6 7. e3 O-O 8. Bd3 Ne4
9. O-O Be7 10. h4 Nd7 11. Rc1 Ndf6 12. Ne5 Nd7 13. Nf3 Ndf6 14. c5 Bd7 15. Ne5
Be8 16. Ne2 Nd7 17. b4 h6 18. Nxd7 Qxd7 19. Be5 Nf6 20. f3 Bd8 21. a4 Bc7 22.
Qb3 Qe7 23. Qb2 g5 24. hxg5 hxg5 25. Qd2 Bh5 26. e4 Nh7 27. Bxc7 Qxc7 28. e5 Qg7
29. b5 Rf7 30. Kf2 Rc7 31. Rh1 Bg6 32. Rb1 Re7 33. a5 cxb5 34. Rxb5 Be8 35. Rb2
a6 36. Rb6 Nf8 37. Nc3 Bc6 38. Na2 Nd7 39. Rbb1 Rf8 40. Rh5 Kf7 41. Rbh1 Ke8 42.
Rxg5 Qf7 43. Nb4 Nb8 44. Rh6 Kd7 45. Rgg6 Rg8 46. Rf6 Qe8 47. Rxe6 Rxe6 48. Bxf5
Kc7 49. Bxe6 Rh8 50. Nxd5+ Bxd5 51. Bxd5 Qd8 52. Rxh8 Qxh8 53. Kg2 1-0

[Event "FIDE World Cup Women 2023"]
[Site "Baku AZE"]
[Date "2023.08.03"]
[Round "2.2"]
[White "Socko, Monika"]
[Black "Fataliyeva, Ulviyya"]
[Result "0-1"]
[WhiteTitle "GM"]
[BlackTitle "IM"]
[WhiteElo "2401"]
[BlackElo "2401"]
[WhiteFideId "1106619"]
[BlackFideId "13403052"]
[EventDate "2023.07.30"]
[EventType "k.o."]

1. d4 Nf6 2. Nf3 d5 3. c4 e6 4. Nc3 Be7 5. Bf4 O-O 6. Rc1 c5 7. dxc5 dxc4 8.
Qxd8 Rxd8 9. e3 Nd5 10. Bxc4 Nxf4 11. exf4 Bxc5 12. O-O Nc6 13. Ne4 Be7 14. Rfd1
Bd7 15. Be2 Be8 16. Kf1 Rxd1+ 17. Rxd1 Nb4 18. a3 Nd5 19. g3 Rc8 20. Ne5 f6 21.
Nf3 Bg6 22. Bd3 Rd8 23. Ke2 Bh5 24. Bc2 f5 25. Ng5 Bf6 26. Nxe6 Re8 27. Rxd5
Rxe6+ 28. Re5 Bxe5 29. Bb3 Bxb2+ 30. Bxe6+ Kf8 31. Bxf5 Bxa3 32. g4 Be8 33. Bxh7
a5 34. Ne5 a4 35. Kd2 Bb2 36. Kc2 Bxe5 37. fxe5 g6 38. f4 Kg7 39. Bxg6 Kxg6 40.
f5+ Kg5 41. e6 Bc6 42. Kc3 Kf6 43. Kb4 Bf3 44. h3 b5 45. Ka3 Bg2 46. h4 Bf3 47.
e7 Kxe7 48. g5 Bg4 0-1

[Event "FIDE World Cup Women 2023"]
[Site "Baku AZE"]
[Date "2023.08.04"]
[Round "2.3"]
[White "Repkova, Eva"]
[Black "Ju, Wenjun"]
[Result "0-1"]
[WhiteTitle "IM"]
[BlackTitle "GM"]
[WhiteElo "2312"]
[BlackElo "2564"]
[WhiteFideId "14900440"]
[BlackFideId "8603006"]
[EventDate "2023.07.30"]
[EventType "k.o."]

1. e4 e5 2. Nf3 Nc6 3. Bc4 Nf6 4. d3 Bc5 5. Nc3 a6 6. Be3 Bxe3 7. fxe3 d6 8. a3
O-O 9. O-O Be6 10. Bxe6 fxe6 11. d4 Qe8 12. Qd3 Qg6 13. d5 exd5 14. Nxd5 Nxd5
15. Qxd5+ Kh8 16. Qb3 Na5 17. Qb4 b6 18. Nxe5 Qe6 19. Nd3 Nc4 20. Rxf8+ Rxf8 21.
Re1 c5 22. Qc3 Qxe4 23. Nf4 d5 24. Qd3 Rxf4 0-1

[Event "FIDE World Cup Women 2023"]
[Site "Baku AZE"]
[Date "2023.08.04"]
[Round "2.3"]
[White "Gomes, Mary Ann"]
[Black "Lagno, Kateryna"]
[Result "1/2-1/2"]
[WhiteTitle "WGM"]
[BlackTitle "GM"]
[WhiteElo "2326"]
[BlackElo "2552"]
[WhiteFideId "5013623"]
[BlackFideId "14109336"]
[EventDate "2023.07.30"]
[EventType "k.o."]

1. Nf3 d5 2. e3 Nf6 3. c4 e6 4. Nc3 c5 5. cxd5 exd5 6. d4 Nc6 7. Bb5 cxd4 8.
Nxd4 Bd7 9. O-O Bd6 10. h3 O-O 11. Be2 Re8 12. Ndb5 Be5 13. Nxd5 Nxd5 14. Qxd5
a6 15. Rd1 Be6 16. Qf3 Qb6 17. Nc3 Rad8 18. Bd2 Qxb2 19. Rab1 Qa3 20. Rxb7 Na5
21. Rbb1 Bxc3 22. e4 Rxd2 23. Rxd2 Nc6 24. Rb3 Qc1+ 25. Rd1 Nd4 26. Rxc1 Nxf3+
27. Bxf3 Bxb3 28. axb3 Bb4 29. Be2 a5 30. f3 g6 31. Rc7 Re7 32. Rc8+ Kg7 33. Bc4
f5 34. exf5 gxf5 35. f4 Bd2 36. g3 h5 37. Rd8 Be3+ 38. Kg2 h4 39. Rd5 hxg3 40.
Kxg3 Kf6 41. Bd3 Bd2 42. Rxf5+ Kg7 43. Rd5 Rf7 44. f5 Kf6 45. Bc4 Bb4 46. Rb5
Rg7+ 47. Kf4 Bd2+ 48. Ke4 Re7+ 49. Be6 Rh7 50. Rd5 Rh4+ 51. Kf3 Be1 52. Kg2 a4
53. bxa4 Rxa4 54. Rd1 Bh4 55. Kf3 Ra3+ 56. Kg4 Ra4+ 57. Kf3 Ra3+ 58. Kg4 Ra4+
59. Kf3 1/2-1/2

[Event "FIDE World Cup Women 2023"]
[Site "Baku AZE"]
[Date "2023.08.04"]
[Round "2.3"]
[White "Kosteniuk, Alexandra"]
[Black "Yan, Tianqi"]
[Result "1-0"]
[WhiteTitle "GM"]
[BlackTitle "WIM"]
[WhiteElo "2532"]
[BlackElo "2277"]
[WhiteFideId "4128125"]
[BlackFideId "8615250"]
[EventDate "2023.07.30"]
[EventType "k.o."]

1. e4 e6 2. d4 d5 3. Nc3 Nf6 4. Bg5 dxe4 5. Nxe4 Be7 6. Nxf6+ Bxf6 7. Bxf6 Qxf6
8. Nf3 c5 9. Bb5+ Bd7 10. Qe2 cxd4 11. O-O-O Nc6 12. Nxd4 Nxd4 13. Bxd7+ Kxd7
14. Rxd4+ Ke7 15. Qe4 Rhb8 16. Rhd1 Qh6+ 17. Kb1 Qxh2 18. Rd7+ Kf8 19. Qf3 f6
20. Qg4 Qh6 21. Qxe6 Qg6 22. Qe7+ Kg8 23. Rd8+ Rxd8 24. Rxd8+ Rxd8 25. Qxd8+ Kf7
26. Qd7+ Kf8 27. Qxb7 Qe8 28. Qb4+ Kg8 29. a4 h5 30. Qd4 Qc6 31. f3 a6 32. b3 g5
33. c4 h4 34. a5 h3 35. gxh3 Qxf3 36. Qd5+ Qxd5 37. cxd5 f5 38. Kc2 g4 39. hxg4
fxg4 40. Kd2 Kf7 41. b4 Ke7 42. b5 g3 43. Ke2 axb5 44. a6 1-0

[Event "FIDE World Cup Women 2023"]
[Site "Baku AZE"]
[Date "2023.08.04"]
[Round "2.3"]
[White "Dzagnidze, Nana"]
[Black "Kulon, Klaudia"]
[Result "1/2-1/2"]
[WhiteTitle "GM"]
[BlackTitle "IM"]
[WhiteElo "2511"]
[BlackElo "2331"]
[WhiteFideId "13601903"]
[BlackFideId "1131044"]
[EventDate "2023.07.30"]
[EventType "k.o."]

1. d4 Nf6 2. Nf3 e6 3. c4 c5 4. Nc3 cxd4 5. Nxd4 Nc6 6. Nb3 Bb4 7. Bd2 O-O 8. a3
Be7 9. g3 d5 10. cxd5 exd5 11. Bg2 d4 12. Na4 Be6 13. O-O Bd5 14. f3 a5 15. Rc1
b5 16. Nac5 a4 17. Na1 Qb6 18. Nd3 Rfe8 19. Be1 Rad8 20. Bf2 Bc4 21. Nc2 Nd5 22.
Qd2 Bf6 23. Rfe1 Ne3 24. Ndb4 Na5 25. Na1 Be6 26. Rc2 Nac4 27. Qc1 Bf5 28. b3
axb3 29. Nxb3 Bxc2 30. Nxc2 Rc8 31. Bh3 Rc7 32. Nb4 Ra8 33. Qb1 Rxa3 34. Rc1 g6
35. Nd3 Na5 36. Nbc5 Be7 37. Nd7 Qb7 38. Rxc7 Qxc7 39. Bxe3 dxe3 40. Qxb5 Ra1+
41. Kg2 Nc4 42. N7c5 Nd6 43. Qb2 Ra5 44. Qd4 Nf5 45. Bxf5 Bxc5 46. Nxc5 Rxc5 47.
Bd3 Re5 48. Be4 f5 49. Bd5+ Kf8 50. f4 Rxd5 51. Qxd5 Qc1 52. Qd6+ Kg7 53. Qe7+
Kh6 54. Qg5+ Kg7 55. Qe7+ Kg8 56. Qe6+ Kg7 57. h4 Qd2 58. Kf3 Qc1 59. Qxe3 Qf1+
60. Qf2 Qh1+ 61. Qg2 Qe1 62. Qf2 Qh1+ 63. Qg2 Qe1 64. g4 Qc3+ 65. e3 Qc6+ 66.
Kg3 Qxg2+ 67. Kxg2 fxg4 68. h5 gxh5 1/2-1/2